01016nam a2200277Ia 450000500170000000800410001702000150005804100080007308200180008124501820009925000220028130000470030365000280035065000290037865000310040770000290043870000330046770000340050070000340053470000190056826400280058733600270061533700330064233800280067504000350070320220316235517.0121119s2001 sp ao gr 000 0 spa  a84494196380 aspa04aR 646.4bG37M00aMujer creativa bmil ideas de punto y costuracdirección de edición, José A. Vidal ; dibujos, Michele Gambin, Rossella Guerra, Monica Priante ; fotografía, Luigi Ferrari aPrimera edición a2 volúmenesbilustraciones, fotosc26 cm14aCosturavManuales2LEMB14aBordado vManuales2LEMB14aCorte y confección2LEMB1 aVidal, José A.eeditor1 aGambin, Michele eilustrador1 aGuerra, Rossella eilustrador1 aPriante, Mónicaeilustrador1 aFerrari, Luigi aBarcelonabOceanoc2001 atextobtxt2rdacontent asin mediaciónbn2rdamedia avolumenbnc2rdacarrier aCO-BoRNBPbspaerdacCO-BoRNBP